LEADER 01425nam--2200421---450- 001 990002078040203316 005 20051010140954.0 010 $a88-464-4103-6 035 $a000207804 035 $aUSA01000207804 035 $a(ALEPH)000207804USA01 035 $a000207804 100 $a20041013d2002----km-y0enga50------ba 101 0 $aita 102 $aIT 105 $ay|||z|||001yy 200 1 $aBi-logica e sogno$esviluppi matteblanchiani sul pensiero onirico$fa cura di Pietro Bria e Fiorangela Oneroso 210 $aMilano$cF. Angeli$dcopyr. 2002 215 $a188 p.$d23 cm 225 2 $aPsicoanalisi contemporanea$iSviluppi e prospettive$v4.2 410 0$12001$aPsicoanalisi contemporanea$iSviluppi e prospettive 600 1$aMatte Blanco,$bIgnacio 606 0 $aInconscio 676 $a150.195092 702 1$aBRIA,$bPietro 702 1$aONEROSO,$bFiorangela 801 0$aIT$bsalbc$gISBD 912 $a990002078040203316 951 $aII.3. Coll.8/ 7(VI ps B Coll. 175/4.2)$b177429 L.M.$cVI ps B$d00115438 951 $aII.3. Coll.8/ 7a(VI ps B Coll. 175/4.2Bis)$b177427 LM$cVI ps 951 $aII.3. Coll.8/ 7b(VI ps B Coll. 175/4.2A)$b177428 LM$cVI ps 959 $aBK 969 $aUMA 979 $aACQUISTI$b10$c20041013$lUSA01$h1459 979 $aPAOLA$b90$c20041222$lUSA01$h1431 979 $aCOPAT5$b90$c20051010$lUSA01$h1409 996 $aBi-logica e sogno$9751982 997 $aUNISA LEADER 01008nam0-2200337---450 001 990008210490403321 005 20251125133534.0 010 $a3-459-01942-5 035 $a000821049 035 $aFED01000821049 035 $a(Aleph)000821049FED01 035 $a000821049 100 $a20051021d1992----km-y0itay50------ba 101 0 $ager 102 $aDE 105 $a--------001yy 200 1 $a<>Sozialität der Kirche$eTheologie und Theorie der Kirche in Dietrich Bonhoeffers Sanctorum Communio$fJoachim von Soosten 210 $aMünchen$cKaiser$d1992 225 1 $aÖffentliche Theologie$v2 610 0 $aBonhoeffers, Dietrich 610 0 $aTeologia 610 0 $aChiesa$aTeorie 676 $a262.009$v21$zita 700 1$aSoosten,$bJoachim von$0498793 801 0$aIT$bUNINA$c20051021$gRICA$2UNIMARC 901 $aBK 912 $a990008210490403321 952 $a199.42 SOOJ 01$bDip. fil. 2737$fFLFBC 959 $aFLFBC 996 $aSozialität der Kirche$9739758 997 $aUNINA